| 000 | 00726nam a2200229 u 4500 | ||
|---|---|---|---|
| 005 | 20240607063642.0 | ||
| 008 | 130524s2009 r 000 0 eng d | ||
| 020 | _a9788497888325 | ||
| 035 | _aUPN01000191352 | ||
| 049 | _aCG | ||
| 050 | 4 |
_aHA155 _bD5.2 |
|
| 100 | 1 |
_aDíaz de Rada, Vidal _933881 |
|
| 245 | 0 | 0 |
_aAnálisis de datos de encuesta : _bdesarrollo de una investigación completa utilizando SPSS / _cVidal Díaz de Rada. |
| 260 |
_aBarcelona, Esp. : _bUOC, _c2009. |
||
| 300 |
_a331 p. : _bfigs., tablas |
||
| 440 | 0 |
_aSociología ; _v137 |
|
| 650 | 2 |
_aDatos estadísticos _99216 |
|
| 650 | 4 |
_aSPSS (ARCHIVO PARA COMPUTADORA) _96741 |
|
| 650 | 2 |
_aAnálisis de datos _9269 |
|
| 905 | _aLibro | ||
| 999 |
_c163455 _d163455 |
||